Medzinárodné účtovné štandardy: Slovensko-anglický slovník ekonomických pojmov. [Podnik a podnikanie]

Odborné ekonomické pojmy z oblasti podnikania.

Guardado en:
Detalles Bibliográficos
Autor principal: Tumpach, Miloš, 1970-
Formato: Capítulo de libro
Lenguaje:eslovaco
inglés
Materias:
Etiquetas: Agregar Etiqueta
Sin Etiquetas, Sea el primero en etiquetar este registro!

MARC

LEADER 00000nla$a2200000$$$4500
001 0045703
005 20240502071528.7
041 0 |a slo 
041 0 |a eng 
044 |a SK 
245 1 0 |a Medzinárodné účtovné štandardy: Slovensko-anglický slovník ekonomických pojmov. [Podnik a podnikanie]  |c Miloš Tumpach 
520 |a Odborné ekonomické pojmy z oblasti podnikania. 
610 2 0 |a slovníky 
610 2 0 |a pojmy 
610 2 0 |a podnik 
610 2 0 |a podnikanie 
610 2 0 |a angličtina 
610 2 0 |a slovenčina 
100 1 |a Tumpach, Miloš, 1970-